|
|
|
|
| LEADER |
00000naa a2200000 ar4500 |
| 001 |
vtls009934254 |
| 003 |
SK-MaSNL |
| 005 |
20260302143940.0 |
| 008 |
090729t2006 xo dr|p|||||||000 b|slo |
| 015 |
|
|
|a SNBRA2009/07
|2 snkbucl
|
| 038 |
|
|
|a SNKBUCL
|
| 040 |
|
|
|a SNKBUCL
|b slo
|c SNKBUCL
|e AACR2
|
| 041 |
0 |
|
|a slo
|b eng
|
| 044 |
|
|
|a xo
|c SK
|
| 080 |
|
|
|a 336.748:658.011.3
|2 2001
|
| 080 |
|
|
|a 658.011.3
|2 2001
|
| 080 |
|
|
|a 005.931.2
|2 2001
|
| 100 |
1 |
|
|a Rimarčík, Marián
|4 aut
|9 467420
|
| 245 |
1 |
0 |
|a Aplikácia metódy Value-at-Risk v manažmente kurzového rizika
|c Marián Rimarčík
|
| 500 |
|
|
|a Pozn. pod čiarou
|
| 504 |
|
|
|a Bibliogr. odkazy
|
| 546 |
|
|
|a Res. angl.
|
| 650 |
0 |
7 |
|a podnikanie
|2 snkbucl
|9 1757
|
| 650 |
0 |
7 |
|a devízové kurzy
|2 snkbucl
|9 2129
|
| 650 |
0 |
7 |
|a kurzové riziko
|2 snkbucl
|9 771392
|
| 650 |
0 |
7 |
|a manažment rizika
|2 snkbucl
|9 4289
|
| 773 |
0 |
|
|t Sympózium Manažment '06
|d Žilina : Žilinská univerzita, 2006
|g S. 167-172
|z 8080705720
|
| 852 |
|
|
|a SNK
|b KIS3GCP
|
| 958 |
|
|
|a NB
|
| 999 |
|
|
|c 1346846
|d 1348776
|